000
00313nam a22001337a 4500
008
170216b xxu||||| |||| 00| 0 eng d
020
_a
97807637634425 ed
041
_a
eng
080
_2
5ED
_a
618.2
100
_a
1
101
_a
INF
245
_a
INOVATIVE TEACHING STRATEGIES NURSING
_c
BRADSHAW
942
_2
udc
_c
BK
999
_c
5696
_d
5696